Dynamic programming : models and applications
Αποθηκεύτηκε σε:
| Κύριος συγγραφέας: | |
|---|---|
| Μορφή: | Βιβλίο |
| Γλώσσα: | English |
| Δημοσίευση: |
Englewood Cliffs, N.J. :
Prentice-Hall,
c1982,2003
|
| Θέματα: | |
| Ετικέτες: |
Προσθήκη ετικέτας
Δεν υπάρχουν, Καταχωρήστε ετικέτα πρώτοι!
|
MARC
| LEADER | 00000cam a2200000 i 4500 | ||
|---|---|---|---|
| 001 | 1/62706 | ||
| 008 | 941103m19822003 eng d | ||
| 020 | |a 0132215071 (pbk.) | ||
| 020 | |a 0-486-42810-9 | ||
| 035 | |l 10046666 | ||
| 035 | |a 1990 |c ΠΑΠΑΔΟΠΟΥΛΟΣ | ||
| 040 | |a GR-MY-UA |b gre |e aacr | ||
| 041 | 0 | |a eng | |
| 082 | 0 | |a 519.703 |2 (19) | |
| 100 | 1 | |a Denardo, Eric V. |d 1937- | |
| 245 | 1 | 0 | |a Dynamic programming : |b models and applications / |c Eric V. Denardo |
| 260 | |a Englewood Cliffs, N.J. : |b Prentice-Hall, |c c1982,2003 | ||
| 300 | |a xii, 227 σ.; |b εικ.; |c 24 εκ. | ||
| 500 | |a Περιλαμβάνει ευρετήρια | ||
| 500 | |a Το Παράρτημα Βιβλβλιοθήκης Χίου έχει την έκδοση μ χρονολογία copyright 2003 | ||
| 504 | |a Βιβλιογραφία: σ. 210-217 | ||
| 650 | 0 | 0 | |a Dynamic programming. |
| 852 | |a INST |b CHIOS |e 20060508 |h 519.703 DEN |p 005200026458 |q 005200026458 |t BK |y 0 | ||
| 852 | |a INST |b SAMOS |e 19941103 |h 519.703 DEN |p 005300003980 |q 005300003980 |t BK |y 0 | ||
| 901 | |a BIBL2-2006-2 | ||
| 909 | |a Σ |b 018965 | ||
| 909 | |a Χ |b 102651 | ||